000 00343nam a22001337a 4500
008 170613b xxu||||| |||| 00| 0 eng d
020 _a9780742551275
041 _aeng
080 _a94
100 _a19
101 _aSHH
245 _aUNCERTAN SHIELD THE U.S INTELLEGENCE SYSTEM IN THE THROES OF REFORM
_cPOSNER.R.A
942 _2udc
_cBK
999 _c17240
_d17240